| 000 | 00381cam a22001217a 4500 | ||
|---|---|---|---|
| 008 | 180718b1950 xxu||||| |||| 00| 0 eng d | ||
| 082 | _aX6x5412 L138 | ||
| 100 | _aLahiri, Kalidas | ||
| 245 |
_aRoad problems of West Bengal _cby Kalidas Lahiri |
||
| 260 |
_aCalcutta _bDepartment of Works And Buildings _c1950 |
||
| 300 | _a74p | ||
| 650 | _aRoads - construction - India - West Benagal. | ||
| 999 |
_c414542 _d414542 |
||